000
00173nam a22000857a 4500
999
_c
12411
_d
12411
082
_a
330.917
100
_a
Umar Latif
245
_a
Principles of Islamic Economics
942
_c
BK